000
00212as aa2200097a 44500
090
_a
SERIADAS
_b
01274
245
1
0
_a
Wildlife Conservation Society
041
0
_a
Inglés
260
_a
Estados Unidos
942
_c
REVISTA
999
_c
17183
_d
17183